| Tag |
First Indicator |
Second Indicator |
Subfields |
| LEADER |
00000cam a2200000 4500 |
| 001 |
in00000015253 |
| 005 |
20151007053021.0 |
| 008 |
840628m19481984njuaf b 00000 eng |
| 010 |
|
|
|a 49001745
|
| 035 |
|
|
|a (OCoLC)10689504
|
| 035 |
|
|
|9 AAB0069AM
|
| 040 |
|
|
|a DLC
|c DLC
|d m.c.
|d m/c
|d TXA
|d UtOrBLW
|
| 043 |
|
|
|a e-gr---
|
| 049 |
|
|
|a TXAM
|d [
|v =pt.]
|v 3 [A11068165]
|
| 050 |
0 |
0 |
|a DF261.C65
|b A6 vol. 15
|
| 082 |
0 |
|
|a 938/.7 s
|a 938/.7
|2 19
|
| 100 |
1 |
|
|a Stillwell, Agnes Newhall,
|d 1906-1957.
|
| 245 |
1 |
4 |
|a The potters' quarter.
|
| 264 |
|
1 |
|a Princeton :
|b American School of Classical Studies at Athens,
|c 1948-1984.
|
| 300 |
|
|
|a 3 volumes :
|b illustrations, plates. ;
|c 31 cm.
|
| 336 |
|
|
|a text
|b txt
|2 rdacontent
|
| 337 |
|
|
|a unmediated
|b n
|2 rdamedia
|
| 338 |
|
|
|a volume
|b nc
|2 rdacarrier
|
| 490 |
1 |
|
|a Corinth ;
|v v. 15
|
| 500 |
|
|
|a Pt. 2 has subtitle: The terracottas.
|
| 500 |
|
|
|a Pt. 3, by Agnes Newhall Stillwell and J.L. Benson, has subtitle: The pottery.
|
| 504 |
|
|
|a Includes bibliographical references and indexes.
|
| 651 |
|
0 |
|a Corinth (Greece)
|x Antiquities.
|
| 650 |
|
0 |
|a Excavations (Archaeology)
|z Greece
|z Corinth.
|
| 650 |
|
0 |
|a Pottery, Greek
|z Greece
|z Corinth.
|
| 651 |
|
0 |
|a Greece
|x Antiquities.
|
| 700 |
1 |
|
|a Benson, J. L.
|q (Jack Leonard)
|
| 830 |
|
0 |
|a Corinth ;
|v v. 15.
|
| 999 |
|
|
|a MARS
|
| 999 |
f |
f |
|s 80c01a16-53e2-37d6-bdf8-5b611b4a0ccf
|i f5eef578-fe6e-391f-9847-9f850a9fb7c4
|t 0
|
| 952 |
f |
f |
|p noncirc
|a Texas A&M University
|b College Station
|c Sterling C. Evans Library
|d Bodrum (located in Turkey)
|t 0
|e DF261.C65 A6 v.15
|h Library of Congress classification
|i unmediated -- volume
|k pt.1
|
| 952 |
f |
f |
|p noncirc
|a Texas A&M University
|b College Station
|c Sterling C. Evans Library
|d Bodrum (located in Turkey)
|t 0
|e DF261.C65 A6 v.15
|h Library of Congress classification
|i unmediated -- volume
|k pt.3
|
| 952 |
f |
f |
|p normal
|a Texas A&M University
|b College Station
|c Sterling C. Evans Library
|d Evans: Library Stacks
|t 0
|e DF261.C65 A6 v.15
|h Library of Congress classification
|i unmediated -- volume
|k v.15:pt.3
|m A14811068165
|
| 952 |
f |
f |
|p noncirc
|a Texas A&M University
|b College Station
|c Sterling C. Evans Library
|d Bodrum (located in Turkey)
|t 0
|e DF261.C65 A6 v.15
|h Library of Congress classification
|i unmediated -- volume
|k pt,2
|
| 998 |
f |
f |
|a DF261.C65 A6 v.15
|s pt.1-pt.3
|t 0
|l Bodrum (located in Turkey)
|
| 998 |
f |
f |
|a DF261.C65 A6 v.15
|s v.15:pt.3
|t 0
|l Evans: Library Stacks
|